| 000 | 00729nam a2200217 i 4500 | ||
|---|---|---|---|
| 001 | bg | ||
| 100 | 1 | _aSCHEIBELER, Alexander | |
| 245 | 1 | 0 |
_aPraktyczne wdrażanie nowej normy ISO 9001:2000 : _bpytania i odpowiedzi do nowej normy / _cAlexander Scheibeler ; tł. Władysław Janowski, adaptacja merytor. Władysław Roman Pawlak. |
| 260 |
_aWarszawa : _b"WEKA", _c2001. |
||
| 300 |
_a70 s. ; _c30 cm. |
||
| 650 | 9 |
_aZarządzanie jakością _xnormalizacja _xzagadnienia |
|
| 650 | 9 | _aZarządzanie jakością | |
| 655 | _aPodręczniki | ||
| 020 | _a8387287970 | ||
| 040 | _cBPK | ||
| 041 | 1 |
_apl _hen |
|
| 080 | _a65.012:006.3/.8](07) | ||
| 920 | _a83-87287-97-0 | ||
| 942 | _cKS | ||
| 008 | s pl f |000 0 pol | ||
| 999 |
_c40306 _d40306 |
||
| 856 |
_uhttp://koha.tu.koszalin.pl/cgi-bin/koha/opac-detail.pl?biblionumber=40306 _yKatalog online BPK |
||